Before, During and After Quiz Stats

 Plays Quiz Updated Oct 17, 2019

Score 0/20 Timer 09:00
0 Plays Today
First and second name Answer % Correct
American Founding Father, inventor, and renaissance man who was the 14th President of the United States...Benjamin Franklin Pierce Brosnan
71.6%
Comedian and actor in 'The Jerk' whose 95 Theses started the Protestant Reformation...Steve Martin Luther Vandross
65.4%
'Rebel Without A Cause' actor who became a leading member of the Rat Pack...James Dean Martin Van Buren
61.2%
E.B. White's famous mouse who had hits like 'Tutti Frutti' and 'Good Golly Miss Molly...'Stuart Little Richard Nixon
59.8%
Lead singer of Culture Club who became the first President of the United States...Boy George Washington Irving
58.9%
African-American Supreme Court Justice who wrote the Declaration of Independence...Clarence Thomas Jefferson Davis
55.5%
Singer of the band Wham!, regional manager of the Scranton branch of Dunder Mifflin...George Michael Scott Baio
55.2%
Comedian arrested for obscenity, disguised as Batman's secret identity...Lenny Bruce Wayne Gretzky
54.4%
Female IndyCar driver who said 'Give me liberty or give me death...'Danica Patrick Henry Kissinger
54%
German girl who wrote her famous diary before becoming a Hall of Fame slugger for the Reds and Orioles...Anne Frank Robinson Crusoe
48.3%
First and second name Answer % Correct
Assassinated Martin Luther King, Jr., but is also known for being a blind pianist and blues singer...James Earl Ray Charles Dickens
44%
Singer of 'Crocodile Rock' and 'Candle in the Wind' who was the first American to orbit the Earth...Elton John Glenn Miller
38.6%
Actor whose last film was 'Guess Who's Coming To Dinner' who is now on the sitcom '30 Rock...'Spencer Tracy Morgan Freeman
38.6%
Chinese kung fu actor who is known for his roles in 'The Dirty Dozen' and 'Paint Your Wagon...'Bruce Lee Marvin Gaye
36.3%
The founder of the eponymous weight-loss company who played the title character in the series 'Coach...'Jenny Craig T. Nelson Muntz
31%
Clinton's first Secretary of State who is also Winnie the Pooh's best friend...Warren Christopher Robin Hood
26.6%
Former NBA All-Star for the Phoenix Suns who was twice elected mayor of Washington, D.C...Shawn Marion Barry Manilow
21.1%
He was the Prime Minister of the U.K. in the 90's, the title character of a Damon Wayans movie...John Major Payne Stewart
19.5%
Played a lead role in 'Grease,' and also in 'Hondo' and 'The Green Berets'Olivia Newton-John Wayne Rooney
15.4%
Voice actor known for his work as Coach McGuirk and Archer who was the 23rd President of the United States...H. Jon Benjamin Harrison Ford
11.5%

You're not logged in!

Compare scores with friends on all Sporcle quizzes.
OR
Log In

Sporcle TV

Today on Sporcle TV


Watch our educational content, quiz creation guides, and fun videos on Sporcle TV.

Show Comments

Extras

Top Quizzes Today


Score Distribution

Your Account Isn't Verified!

In order to create a playlist on Sporcle, you need to verify the email address you used during registration. Go to your Sporcle Settings to finish the process.

Report this User

Report this user for behavior that violates our Community Guidelines.

Details: